000 00880 a2200265 4500
005 20251111153710.0
008 251111b |||||||| |||| 00| 0 eng d
020 _a9781538164501 (pbk)
037 _cTB
040 _aCRL
_cCRL
041 _2eng
_aeng
084 _aR4,(S:52) R2
_qCRL
245 _aMoral psychology of hate
260 _aLanham, Maryland:
_bRowman & Littlefield,
_c2022.
300 _axviii, 302p.
365 _b30.00
_cUKP
490 _aMoral psychology of the emotions, Editor Mark Alfano
650 _aPhilosophy
_9850727
650 _aEthics
_9850728
650 _aPsychology
_9850729
650 _aEmotion
_9850730
700 _aBirondo, Noell
_eeditor.
_9850731
942 _cTB
_2CC
_n0
_hR4,(S:52) R2
999 _c1435908
_d1435908